All the Teams that have made it into the World Cup Round of 16 - Statistics

General Stats
  • This quiz has been taken 129 times
    75 since last reset
  • The average score is 147 of 160
Answer Stats
Hint Answer % Correct
Champion | Quarter-Finals | Round of 16 | Runner-Up Argentina
100%
Champion | Fourth Place | Quarter-Finals | +2 others Brazil
100%
Champion | Quarter-Finals | Runner-Up | Third Place France
100%
Champion | Quarter-Finals | Runner-Up | Third Place Germany
100%
Champion | Quarter-Finals | Round of 16 | +2 others Italy
100%
Fourth Place | Quarter-Finals | Round of 16 Portugal
100%
Fourth Place | Quarter-Finals | Round of 16 | Third Place Belgium
98%
Fourth Place | Quarter-Finals | Round of 16 England
98%
Round of 16 Japan
98%
Fourth Place | Round of 16 Morocco
98%
Fourth Place | Round of 16 South Korea
98%
Champion | Quarter-Finals | Round of 16 Spain
98%
Fourth Place | Quarter-Finals | Round of 16 | +2 others Netherlands
96%
Fourth Place | Quarter-Finals | Round of 16 Uruguay
96%
Runner-Up | Third Place Croatia
94%
Quarter-Finals | Round of 16 Mexico
94%
Round of 16 Chile
92%
Quarter-Finals | Round of 16 Colombia
92%
Round of 16 Switzerland
92%
Quarter-Finals | Round of 16 USA
92%
Round of 16 Australia
90%
Quarter-Finals Russia
90%
Quarter-Finals | Round of 16 | Third Place Sweden
90%
Third Place Turkey
90%
Round of 16 Poland
88%
Quarter-Finals | Round of 16 Paraguay
87%
Quarter-Finals | Round of 16 Senegal
87%
Quarter-Finals | Round of 16 Denmark
85%
Round of 16 Nigeria
83%
Quarter-Finals | Round of 16 Ireland
81%
Quarter-Finals Cameroon
79%
Quarter-Finals | Round of 16 Costa Rica
79%
Quarter-Finals | Round of 16 Ghana
79%
Round of 16 Greece
77%
Round of 16 Norway
75%
Fourth Place | Round of 16 Bulgaria
73%
Round of 16 Ecuador
73%
Quarter-Finals | Round of 16 Romania
71%
Quarter-Finals Ukraine
71%
Round of 16 Algeria
65%
Round of 16 Slovakia
65%
Quarter-Finals Czechoslovakia
62%
Round of 16 USSR
62%
Quarter-Finals | Round of 16 Yugoslavia
62%
Round of 16 Saudi Arabia
54%
No matching quizzes found
Score Distribution
Percent of People with Each Score
Percentile by Number Answered
Your Score History
You have not taken this quiz since the last reset